000257882 001__ 257882
000257882 005__ 20240928175249.0
000257882 0247_ $$aG:(GEPRIS)405564321$$d405564321
000257882 035__ $$aG:(GEPRIS)405564321
000257882 040__ $$aGEPRIS$$chttp://gepris.its.kfa-juelich.de
000257882 150__ $$aReplikation von Oligoribonukleotiden ohne Enzyme (P06)$$y2018 - 2023
000257882 371__ $$aProfessor Dr. Ulrich Gerland
000257882 371__ $$aProfessor Dr. Clemens Richert
000257882 450__ $$aDFG project G:(GEPRIS)405564321$$wd$$y2018 - 2023
000257882 5101_ $$0I:(DE-588b)2007744-0$$aDeutsche Forschungsgemeinschaft$$bDFG
000257882 550__ $$0G:(GEPRIS)364653263$$aTRR 235: Lebensentstehung: Erkundung von Mechanismen mit interdisziplinären Experimenten$$wt
000257882 680__ $$aDie Replikation von RNA-Sequenzen in Abwesenheit von Enzymen oder Ribozymen ist von zentraler Bedeutung in Szenarien für den Ursprung des Lebens, wurde aber bisher nicht experimentell erreicht. Unser Hauptziel ist es, auf unserer ersten erfolgreichen Demonstration des Kopierens aufzubauen und zur Replikation überzugehen, die eine Strangtrennung, das Einfangen des Produktstrangs und die Ermittlung von Bedingungen für die Bildung von Phosphodiestern mit höherer Ausbeute erfordert, so dass sowohl eine Kopie als auch eine Replik des ursprünglichen Templats gebildet werden kann. Um dies zu erreichen, werden wir unsere Erfahrungen mit dem Kopieren von immobilisierten Sequenzen und mit der biophysikalischen Modellierung der zugrunde liegenden Prozesse nutzen.
000257882 909CO $$ooai:juser.fz-juelich.de:924485$$pauthority$$pauthority:GRANT
000257882 909CO $$ooai:juser.fz-juelich.de:924485
000257882 980__ $$aG
000257882 980__ $$aAUTHORITY